000 003110000a22001450004500
003 MACL
040 _aMACL
090 _c32300
_d32298
100 _aJhabvala, Noshirvan H.
245 _aPrinciples of Muhammadan Law
260 _bC. jamnadas & Co
350 _a90
650 _alaw
942 _cBOOK
_k340.59/Jha
999 _c31971
_d31971